000 00670cam a2200241 4500
008 000000n2000 000 0 eng u
020 _a1860814565
035 _a(Sirsi) u111435
041 _aENG
050 _a691
100 _aButler, D.J.G.
110 _aBuilding Research Establishment
245 _aAir as a refrigerant in air conditioning systems in buildings.
260 _aLondon
_bCRC Ltd
_c2000
300 _a6p. ; 30cm.
490 _aBRE Information Paper
_v21/00
650 _aREFRIGERANTS
650 _aAIR CYCLE SYSTEMS
690 _aBUILDING AND CONSTRUCTION--SERVICES
700 _aGigiel, A.J.
700 _aRussell, S.L.
942 _n0
999 _c101246
_d101246